000 00326nam a2200109Ia 4500
008 160531s9999 xx 000 0 und d
100 _aNazari, Stefano.
245 _aFront Lines of Thoracic Surgery
245 _cby Stefano Nazari
260 _c2012
856 _uhttp://www.intechopen.com/books/front-lines-of-thoracic-surgery
999 _c295489
_d295489